000 01293nam a2200325 c 4500
003 BLK
005 20250404143907.0
008 180412b bul|||||r ||||||| ||bul||
010 _aKNG00009870000
040 _aBLK
041 _aBUL
_cBUL
080 _aАмериканска литература (на САЩ)
_b821.111(73)
_x-312.4
_z821.111(73)-312.4
100 1 _aКунц, Дийн Р.
_eпърви автор
_9242451
700 _aДимитрова, Жана
_9253568
700 1 _aГеоргиева, Вера
_eпрев. от англ.
_9363925
139 _aКунц, Дийн
_bК 93
245 1 0 _aЛошо място
_bРоман : Т. 1 - 2
_cДийн Р. Кунц; прев. от англ. Жана Димитрова; прев. от англ. Вера Георгиева.
_nТ. 2
257 _aUSA
260 София
_bПлеяда
_c1995
_fВраца : Полипринт
300 _c20 см
380 _aX
500 _aОриг. загл. The Bad Place. - 6 000 тир.
760 1 _aКунц, Дийн Р.
_h239 с.
_tТ. 2
852 _aЦб 184151
856 4 _qpdf
_u
856 4 _qpdf
_u
942 _cKNG
_n0
_04
944 _aCR
_c15.01.2003
_k30530
_lМинев Младен
944 _aED
_c22.02.2018
_kТеодора_Стоянова
999 _c8517
_d8517